Statistics for British Foods

Click here to take the quiz!

General Stats

  • This quiz has been taken 39,800 times
    (39,782 since last reset)
  • The average score is 10 of 18

Answer Stats

Clue Food % Correct
Low quality sausage that might bang when friedBanger
84%
What you can buy at a chippyFish & Chips
84%
Scottish sheep guts and oats encased in stomachHaggis
78%
Minced lamb with a mashed potato crustShepherd's Pie
62%
Salted fish served at breakfast or teatimeKippers
61%
Pork blood sausageBlack Pudding
60%
Boiled oats; once a common prison foodPorridge
56%
Puffy batter traditionally baked in a pan with roast beefYorkshire Pudding
56%
Dessert with layers of custard, fruit, sponge cake, gelatin and whipped creamTrifle
54%
Peas soaked overnight; sometimes flavored with mint{Mushy} Peas
53%
Pastry filled with beef, potato, turnip and onionPasty
50%
Like the above, but with beef instead of lambCottage Pie
49%
Steak cooked inside a puff pastryBeef Wellington
44%
Cheese sauce served hot over toastWelsh Rarebit
41%
Eels that are boiled and then allowed to congeal{Jellied} Eels
39%
Last night's leftover vegetables, friedBubble & Squeak
33%
Pudding with dried fruitSpotted Dick
29%
Sugar syrup used to sweeten tartsTreacle
27%

Score Distribution

Percentile by Number Answered

Percent of People with Each Score

Your Score History

You have not taken this quiz since the last reset